| 000 | 01187naa a2200289 c 4500 | ||
|---|---|---|---|
| 001 | 49676 | ||
| 999 |
_c49676 _d49676 |
||
| 003 | ES-MaCES | ||
| 005 | 20170710131011.0 | ||
| 008 | 170710s2017 sp ||||| t||||||| ||spa d | ||
| 040 |
_aES-MaCES _bspa _cES-MaCES _dES-MaCES |
||
| 100 | 1 |
_913636 _aGómez Gordillo, Rafael |
|
| 245 | 1 | 3 |
_aUn nuevo marco legislativo laboral. Comentarios a las conclusiones del grupo FIDE sobre una nueva ordenación legal consensuada del Trabajo y de las Relaciones Laborales _cRafael Gómez Gordillo |
| 610 | 1 | 4 |
_938124 _aFIDE |
| 650 | 4 |
_928292 _amercado de trabajo |
|
| 650 | 4 |
_928299 _aempleo |
|
| 650 | 4 |
_928369 _arelaciones laborales |
|
| 650 | 4 |
_928316 _acontrato de trabajo |
|
| 650 | 4 |
_928327 _acondiciones de trabajo |
|
| 650 | 4 |
_927166 _alegislación del trabajo |
|
| 650 | 4 |
_929892 _areforma legislativa |
|
| 650 | 4 |
_929776 _aservicio de consultoría |
|
| 650 | 4 |
_928986 _ainforme |
|
| 653 | 1 | 0 | _aRelaciones laborales-Empleo |
| 773 | 0 |
_986129 _dMadrid Lefebvre El Derecho 2015- _o089027 _tDerecho de las relaciones laborales _w(ES-MaCES)46200 _gn. 4 (abr. 2017) {55/1131 R. 089027} ;p. 345-350 |
|
| 902 | _aART Artículo de revista | ||
| 942 |
_2CES _cAR _h2.0. |
||